000
00221nam a2200097Ia 4500
008
131103s9999 xx 000 0 und d
040
_a
Loreto College
041
_a
English
245
_a
International Marketing
942
_c
BK
999
_c
2697
_d
53176